000 00302nam a22001217a 4500
008 150521b xxu||||| |||| 00| 0 eng d
020 _a9780072263756
020 _a007226375X
041 0 _aeng
080 _a004.413
245 1 0 _aHow to do everything with Windows Vista /
_cCurt Simmons.
942 _2udc
_cBK
999 _c891
_d891